Flora das cangas da Serra dos Carajás, Pará, Brasil: Annonaceae (Registro n. 330902)
[ somente texto ]
| 000 -LÍDER | |
|---|---|
| fixed length control field | 01649nab a2200241 i 4500 |
| 003 - CÓDIGO MARC DA AGÊNCIA CATALOGADORA | |
| Campo de controle | BR-BrBNA |
| 005 - DATA E HORA DA ÚLTIMA ATUALIZAÇÃO | |
| Campo de controle | 20250408092755.0 |
| 008 - CAMPO DE TAMANHO FIXO | |
| fixed length control field | 250408b2016 bl.qr|pooa||| 00| 0 por | |
| 040 ## - FONTE DA CATALOGAÇÃO | |
| Agência catalogadora | BR-BrBNA |
| Idioma da catalogação | por |
| 072 ## - CATEGORIA AGRIS | |
| Código AGRIS | F70 |
| 100 ## - ENTRADA PRINCIPAL - NOME PESSOAL | |
| Nome pessoal | Lobão, Adriana Quintella |
| 245 ## - TÍTULO PRINCIPAL | |
| Título principal | Flora das cangas da Serra dos Carajás, Pará, Brasil: Annonaceae |
| 500 ## - NOTA GERAL | |
| Nota geral | Publicação on-line; 17 ref,. 1 illus.; Summaries (En, Pt) |
| 942 ## - ADDED ENTRY ELEMENTS (KOHA) | |
| Koha item type | Analítica |
| 520 ## - NOTA DE RESUMO | |
| Nota de conteúdo | <br/><br/>Resumo<br/><br/>Annonaceae está representada nas cangas e matas baixas (transição com o campo rupestre) da Serra de Carajás por <br/>duas espécies: Guatteriapunctata e Xylopia aromatica. Apresentam-se chave de identificação das<br/>espécies, descrições e comentários sobre fenologia, distribuição geográfica e hábitats.<br/><br/>Palavras-chave: Amazônia, Guatteria, Pará, taxonomia, Xylopia.<br/><br/><br/><br/><br/>Abstract<br/><br/>Annonaceae is represented in cangas and forest (transition with rocky outcrops) of Serra de Carajás by two<br/>species: Guatteriapunctata and Xylopia aromatica. An identification key, descriptions and comments on the<br/>phenology, geographic distribution, and habitats are included.<br/><br/>Key words: Amazônia, Guatteria, Pará, taxonomy, Xylopia.<br/> |
| 650 ## - ASSUNTO - THESAGRO | |
| Cabeçalho tópico ou nome geográfico | AMAZÔNIA |
| 650 ## - ASSUNTO - THESAGRO | |
| Cabeçalho tópico ou nome geográfico | PARÁ |
| 650 ## - ASSUNTO - THESAGRO | |
| Cabeçalho tópico ou nome geográfico | TAXONOMIA |
| 650 ## - ASSUNTO - THESAGRO | |
| Cabeçalho tópico ou nome geográfico | XYLOPIA AROMATICA |
| 773 0# - ENTRADA ANALÍTICA | |
| Host Biblionumber | 709 |
| Registro do item | 349694 |
| Imprenta | Rio de Janeiro-RJ Jardim Botanico do Rio de Janeiro 1935 |
| Outro identificador | 2025-2214 |
| Título | Rodriguésia (Brazil) |
| ISSN | 0370-6583; 2175-7860 on-line |
| Colação | v. 67(5 special number) p. 1205-1209; (2016) |
| Número de controle de registro | BR2025000288 |
| 856 ## - ACESSO E ENDEREÇO ELETRÔNICO | |
| Identificador uniforme de recurso - URI | https://www.scielo.br/j/rod/a/jTswjGggmpmN9bVhJ7Ww6fP/?format=pdf&lang=pt |
Nenhum exemplar disponível.

BINAGRI